LIBRARY ONLINE CATALOGUE

SAS programming for researchers and social scientists. (Record no. 2608)

MARC details
000 -LEADER
fixed length control field 00620nam a22002172 4500
001 - CONTROL NUMBER
control field 0000004320
005 - DATE AND TIME OF LATEST TRANSACTION
control field 20151217145803.0
008 - FIXED-LENGTH DATA ELEMENTS--GENERAL INFORMATION
fixed length control field 070522s xx 000 0 eng d
020 ## - INTERNATIONAL STANDARD BOOK NUMBER
International Standard Book Number 0761922687 :
Terms of availability KES 3,600
040 ## - CATALOGING SOURCE
Original cataloging agency KABU
Transcribing agency KABU
050 #0 - LIBRARY OF CONGRESS CALL NUMBER
Classification number QA276.4
Item number .S64 2001
100 1# - MAIN ENTRY--PERSONAL NAME
Personal name Spector, Paul E.
-- 0000154816
245 10 - TITLE STATEMENT
Title SAS programming for researchers and social scientists.
250 ## - EDITION STATEMENT
Edition statement 2nd ed.
260 ## - PUBLICATION, DISTRIBUTION, ETC. (IMPRINT)
Place of publication, distribution, etc. London :
Name of publisher, distributor, etc. Sage,
Date of publication, distribution, etc. 2001.
300 ## - PHYSICAL DESCRIPTION
Extent xv, 224 p.
650 #0 - SUBJECT ADDED ENTRY--TOPICAL TERM
Topical term or geographic name as entry element SAS (Computer file)
-- 0000154817
908 ## - PUT COMMAND PARAMETER (RLIN)
Put command parameter 070522
950 ## - LOCAL HOLDINGS (RLIN)
-- 1
Holdings
Withdrawn status Lost status Source of classification or shelving scheme Not for loan Home library Current library Date acquired Total Checkouts Full call number Barcode Date last seen Price effective from Koha item type
    Library of Congress Classification   Kabarak, Main Campus Kabarak, Main Campus 17/12/2015   QA276.4 .S64 2001 008539 17/12/2015 17/12/2015 General Collection